Les Chansons dans l'album de Stromae, "Racine Carrée" - Statistiques

Statistiques générales
  • Ce quiz a été pris 569 fois
  • Le résultat moyen est 8 sur 13
Statistiques - réponses
Hint Réponse % Correct
2. Papaoutai
95%
6. Formidable
81%
5. Tous Les Mêmes
77%
8. Carmen
71%
1. Ta Fête
68%
7. Moules Frites
64%
10. Quand c'est?
60%
13. AVF
58%
4. Ave Cesaria
57%
3. Bâtard
51%
9. Humain à l'eau
47%
12. Merci
41%
11. Sommeil
39%
Aucun quiz correspondant
Distribution des résultats
% des personnes avec chaque résultat
Percentile par nombre de réponses
Votre historique - résultats
Vous n’avez pas pris ce quiz